• 首页
  • 本馆介绍
  • 公告通知
  • 最新文献
  • 馆藏检索
  • 电子资源
  • 读者导购
  • 参考咨询
  • 我的图书馆
  • 登录
  • 详细信息显示
  • 放入我的书架
  • 预约/预借图书
  • 作者相关作品
  • 分类相关作品
  • 丛书相关作品
  • 出版社相关作品

书目信息

  • 表格格式
  • 工作单格式
  • 卡片格式
题名:
教育的智慧
    
 
作者: 刘明成 主编
分册:  
出版信息: 天津   天津科学技术出版社  2019.04
页数: 340页
开本: 24cm
丛书名:
单 册:
中图分类: G456
科图分类:
主题词: 师生关系--shi sheng guan xi--研究
电子资源:
ISBN: 978-7-5576-6216-5
000 00744nam0 2200229 450
001 0105143334
005 20201105143351.0
010    @a978-7-5576-6216-5@dCNY41.00
100    @a20200408d2019 em y0chiy50 ea
101 0  @achi
102    @aCN@b120000
105    @ay z 000yy
106    @ar
200 1  @a教育的智慧@Ajiao yu de zhi hui@f刘明成主编
210    @a天津@c天津科学技术出版社@d2019.04
215    @a340页@d24cm
330    @a本书选择了104篇优秀案例,分别讲述了如何优化师生关系、化解师生矛盾、调节学生心理等方面,同时有德育专家在每一个案例后附上点评。
606 0  @a师生关系@Ashi sheng guan xi@x研究
690    @aG456@v5
701  0 @a刘明成@Aliu ming cheng@4主编
801  0 @aCN@bBJSZM@c20201105
905    @b1263017-8@dG456@e420@f2
    
    教育的智慧/刘明成主编.-天津:天津科学技术出版社,2019.04
    340页;24cm
    
    
    ISBN 978-7-5576-6216-5:CNY41.00
    本书选择了104篇优秀案例,分别讲述了如何优化师生关系、化解师生矛盾、调节学生心理等方面,同时有德育专家在每一个案例后附上点评。
●
相关链接 在E读中查询图书 在五车中查询图书 在当当中查询图书 在豆瓣中查询图书


正题名:教育的智慧     索取号:G456/420         预约/预借

序号 登录号 条形码 馆藏地/架位号 状态 备注
1 1263017   212630170   第一样本阅览室/ [索取号:G456/420] 在馆    
2 1263018   212630189   第四借阅区/ [索取号:G456/420] 在馆    
唐山师范学院图书馆 欢迎您!
大连网信软件有限公司© 版权所有